000 00285nam a2200121Ia 4500
008 190216s9999||||xx |||||||||||||| ||und||
100 _aBartle
245 4 _aThe Elements Of Real Analysis
260 _bJohn Wiley & Sons
_c1964
300 _a479p
650 _aMathematics
942 _cBK
999 _c30589
_d30589